UFC - Pound-for-Pound Ranking (M) - Statistiken

Allgemein
  • Dieses Quiz wurde 225 mal gespielt
    149 seit der letzten Aktualisierung
  • Das Durchschnittsergebnis liegt bei 9 aus 15
Antwortstatistiken
Hint Antwort % Korrekt
2. Jon Jones
91%
3. Ilia Topuria
83%
1. Islam Makhachev
78%
11. Tom Aspinall
74%
8. Alex Pereira
70%
12. Max Holloway
67%
7. Alexander Volkanovski
66%
10. Alexandre Pantoja
60%
5. Dricus Du Plessis
59%
15. Charles Oliveira
55%
4. Merab Dvalishvili
55%
6. Magomed Ankalaev
50%
13. Belal Muhammad
37%
14. Sean O'Malley
35%
9. Jack Della Maddalena
34%
Keine übereinstimmenden Quizze gefunden
Verteilung der Resultate
Anzahl Personen mit jedem Resultat
Perzentil nach korrekt beantworteten Fragen
Ihre Resultats-Entwicklung
Sie haben dieses Quiz seit der letzten Aktualisierung nicht gespielt